Una cuestión vital : (Record no. 167181)

MARC details
000 -LEADER
campo de control de longitud fija 00809nam a22002055i 4500
001 - NÚMERO DE CONTROL
campo de control 167181
003 - IDENTIFICADOR DE NÚMERO DE CONTROL
campo de control ES-MaACL
005 - FECHA Y HORA DE LA ÚLTIMA TRANSACCIÓN
campo de control 20250718063339.0
008 - DATOS DE LONGITUD FIJA--INFORMACIÓN GENERAL
campo de control de longitud fija 000920s1890 sp |||| | spa d
040 ## - FUENTE DE CATALOGACIÓN
Centro catalogador/agencia de origen CCPB | B
Lengua de catalogación spa
Centro/agencia transcriptor CCPB | B
100 1# - ENTRADA PRINCIPAL--NOMBRE DE PERSONA
Nombre de persona Ventúe, Benito
Término indicativo de función/relación Autor
9 (RLIN) 133619
245 14 - MENCIÓN DEL TÍTULO
Título Una cuestión vital :
Resto del título datos y observaciones sobre la remolacha y su pulpa sacarina /
Mención de responsabilidad, etc. por Benito Ventúe.
260 ## - PUBLICACIÓN, DISTRIBUCIÓN, ETC.
Lugar de publicación, distribución, etc. Granada :
Nombre del editor, distribuidor, etc. [s.n.],
Fecha de publicación, distribución, etc. 1890
Fabricante (Imp. de José López Guevara)
300 ## - DESCRIPCIÓN FÍSICA
Extensión 15 páginas ;
Dimensiones 21 cm.
650 #4 - PUNTO DE ACCESO ADICIONAL DE MATERIA--TÉRMINO DE MATERIA
Término de materia o nombre geográfico como elemento de entrada Remolacha azucarera.
9 (RLIN) 136823
852 ## - LOCALIZACIÓN
Ubicación ES-MaACL
Ubicación en estantería Depósito folletos
Donativo/Legado Donativo de Antonio Escobar Laredo
Número de control de estantería T-559-F-15
Encuadernación Enc. en un vol. facticio
-- Holandesa, conservando cub. original
942 ## - ELEMENTOS DE ENTRADA SECUNDARIOS (KOHA)
Fuente del sistema de clasificación o colocación Clasificación decimal universal
Tipo de ítem Koha Folleto
Suprimir en OPAC No
Holdings
Estatus retirado Estado de pérdida Fuente del sistema de clasificación o colocación Estado de daño No para préstamo Colección Biblioteca de origen Biblioteca actual Ubicación en estantería Fecha de adquisición Fuente de adquisición Total de préstamos Signatura topográfica completa Código de barras Visto por última vez Tipo de ítem Koha
    Clasificación decimal universal     Colección de folletos Biblioteca del Ateneo de Madrid Biblioteca del Ateneo de Madrid Depósito folletos 17/01/2008 Donación   T-559-F-15 1175372 23/02/2023 Folleto